LEADER 02620nam 2200589 450 001 9910451540903321 005 20210210010857.0 010 $a1-281-16404-6 010 $a9786611164041 010 $a0-19-153047-6 010 $a1-4294-8992-8 035 $a(CKB)1000000000409145 035 $a(EBL)416024 035 $a(OCoLC)476246592 035 $a(SSID)ssj0000266715 035 $a(PQKBManifestationID)11213429 035 $a(PQKBTitleCode)TC0000266715 035 $a(PQKBWorkID)10304954 035 $a(PQKB)11498825 035 $a(MiAaPQ)EBC416024 035 $a(MiAaPQ)EBC4700171 035 $a(EXLCZ)991000000000409145 100 $a20170814h20072007 uy 0 101 0 $aeng 181 $ctxt 182 $cc 183 $acr 200 10$aVanities of the eye $evision in early modern European culture /$fStuart Clark 210 1$aOxford, [England] :$cOxford University Press,$d2007. 210 4$dİ2007 215 $a1 online resource (428 p.) 300 $aDescription based upon print version of record. 311 $a0-19-925013-8 320 $aIncludes bibliographical references and index. 327 $aSpecies : visions and values -- Fantasies : seeing without what was within -- Prestiges : illusions in magic and art -- Glamours : demons and virtual worlds -- Images : the reformation of the eyes -- Apparitions : the discernment of spirits -- Sights : King Saul and King Macbeth -- Seemings : philosophical scepticism -- Dreams : the epistemology of sleep -- Signs : vision and the new philosophy. 330 $aIn this original and fascinating book, Stuart Clark investigates the cultural history of the senses in early modern Europe. At a time in which the nature and reliability of human vision was a focus for debate in medicine, art theory, science, and philosophy, there was an explosion of interest in the truth (or otherwise) of miracles, dreams, magic, and witchcraft. Was seeing really believing? Vanities of the Eye wonderfully illustrates how this was woven into contemporary. works such as Macbeth - deeply concerned with the dangers of visual illusion - and exposes early modern theories on the rel 606 $aVision 606 $aPhilosophy, Modern 607 $aEurope$xCivilization 608 $aElectronic books. 615 0$aVision. 615 0$aPhilosophy, Modern. 676 $a121.35 676 $a121/.35 700 $aClark$b Stuart$0223740 801 0$bMiAaPQ 801 1$bMiAaPQ 801 2$bMiAaPQ 906 $aBOOK 912 $a9910451540903321 996 $aVanities of the eye$9258237 997 $aUNINA LEADER 01821nam 2200493I 450 001 9910703962303321 005 20150915161138.0 035 $a(CKB)5470000002436117 035 $a(OCoLC)921194984 035 $a(EXLCZ)995470000002436117 100 $a20150915j201408 ua 0 101 0 $aeng 135 $aurcn||||||||| 181 $ctxt$2rdacontent 182 $cc$2rdamedia 183 $acr$2rdacarrier 200 10$aInternational Space Station (ISS) plasma contactor unit (PCU) utilization plan assessment update /$fAmri Hernandez-Pellerano [and eleven others] 205 $aCorrected copy. 210 1$aHampton, Virginia :$cNational Aeronautics and Space Administration, Langley Research Center,$dAugust 2014. 215 $a1 online resource (194 pages) $ccolor illustrations, maps 225 1 $aNASA/TM ;$v2014-218512 300 $aTitle from title screen (viewed Sept. 14, 2015). 300 $a"August 2014." 320 $aIncludes bibliographical references (pages 109-112). 517 $aInternational Space Station 606 $aSpace plasmas$2nasat 606 $aSpacecraft charging$2nasat 606 $aSpace charge$2nasat 606 $aAtmospheric electricity$2nasat 606 $aElectric discharges$2nasat 615 7$aSpace plasmas. 615 7$aSpacecraft charging. 615 7$aSpace charge. 615 7$aAtmospheric electricity. 615 7$aElectric discharges. 700 $aHernandez-Pellerano$b Amri$01411186 712 02$aLangley Research Center, 712 02$aUnited States.$bNational Aeronautics and Space Administration, 801 0$bGPO 801 1$bGPO 906 $aBOOK 912 $a9910703962303321 996 $aInternational Space Station (ISS) plasma contactor unit (PCU) utilization plan assessment update$93501716 997 $aUNINA